[Event "It \"]
[Site "masterchessopen.com Nikea (Greece)"]
[Date "2008.06.22"]
[Round "3"]
[White "Alexakis Dimitrios (GRE)"]
[Black "Koutsogiannopoulou Theodora (GRE)"]
[Result "1-0"]
[WhiteElo "2196"]
[BlackElo "1824"]

1.e4 c5 2.Nf3 d6 3.d4 cxd4 4.Nxd4 Nf6 5.Nc3 a6 6.Bg5 Nbd7 7.f4 Qa5 8.Qd2 b5
9.Nb3 Qb6 10.a3 Bb7 11.Bd3 O-O-O 12.Qe2 Kb8 13.O-O-O Rc8 14.Bh4 Nc5 15.Nxc5
dxc5 16.e5 c4 17.exf6 cxd3 18.Qe5+ Ka7 19.fxe7 Re8 20.Rxd3 f6 21.exf8=Q fxe5
22.Qd6 Qxd6 23.Rxd6 exf4 24.Bf2+ Kb8 25.Rhd1 g5 26.g3 f3 27.Rd7 h5 28.Rg7 g4
29.Rdd7 Bc6 30.Rde7 Rd8 31.Rg6 {#r} 1-0

[Event "It (open)"]
[Site "masterchessopen.com Oslo (Norway)"]
[Date "2008.06.27"]
[Round "3"]
[White "Ulvnes Roar (NOR)"]
[Black "Sousa Helsio Paulo (NOR)"]
[Result "0-1"]
[WhiteElo "1970"]
[BlackElo "2229"]

1.e4 c5 2.Nf3 d6 3.d4 cxd4 4.Nxd4 Nf6 5.Nc3 a6 6.Bg5 Nbd7 7.f4 Qc7 8.Qf3 g6
9.O-O-O Bg7 10.Be2 O-O 11.Qe3 b5 12.Nd5 Nxd5 13.exd5 Bb7 14.Bf3 Rac8 15.Rd2
Nb6 16.Qb3 Nc4 17.Rd3 Na5 18.Qc3 Qb6 19.Qd2 Nc4 20.Qd1 Qa5 21.Kb1 Qb4 22.b3
Na3+ {#R} 0-1

[Event "Ch Austria"]
[Site "masterchessopen.com Leoben (Austria)"]
[Date "2008.07.26"]
[Round "8"]
[White "Schwarhofer Christopher (AUT)"]
[Black "Hoelzl Franz (AUT)"]
[Result "1-0"]
[WhiteElo "2251"]
[BlackElo "2356"]

1.e4 c5 2.Nf3 d6 3.d4 cxd4 4.Nxd4 Nf6 5.Nc3 a6 6.Bg5 Nbd7 7.f4 b5 8.Bxf6 Nxf6
9.e5 b4 10.Na4 Bd7 11.exf6 Bxa4 12.Qh5 g6 13.Qd5 Bh6 14.Bc4 O-O 15.Ne6 Qd7
16.Nxf8 Rxf8 17.Qd4 a5 18.O-O e6 19.f5 exf5 20.Rae1 Re8 21.Qh4 Bd2 22.Re7 Rxe7
23.fxe7 h6 24.Qf6 d5 25.e8=Q+ Qxe8 26.Bxd5 Bg5 27.Qxg6+ Kf8 28.Qxf5 {#r} 1-0

[Event "Ch World (schools) (under 11)"]
[Site "masterchessopen.com Singapore"]
[Date "2008.07.26"]
[Round "4"]
[White "Ruiz C Joshua D (COL)"]
[Black "Goh Weng-Keong Isaiah (SIN)"]
[Result "1-0"]
[WhiteElo "2187"]
[BlackElo "1624"]

1.e4 c5 2.Nf3 d6 3.d4 cxd4 4.Nxd4 Nf6 5.Nc3 a6 6.Bg5 Nbd7 7.f4 Qc7 8.Qf3 g6
9.O-O-O Bg7 10.g4 b5 11.e5 Bb7 12.exf6 Bxf3 13.fxg7 Rg8 14.Nxf3 Rc8 15.Bd3 Nc5
16.Rhe1 f6 17.Bxf6 e6 18.Kb1 Kf7 19.Bd4 Nxd3 20.Rxd3 b4 21.Ng5+ Ke7 22.Nd5+
Ke8 23.Rxe6+ Kd8 24.Nxc7 Kxc7 25.Re7+ Kc6 26.Nxh7 {#r} 1-0

[Event "Tournament (open)"]
[Site "masterchessopen.com Villa Martelli (Argentina)"]
[Date "2008.07.29"]
[Round "1"]
[White "Doval Oscar (ARG)"]
[Black "Goiriz Y Damian (PAR)"]
[Result "0-1"]
[WhiteElo "1835"]
[BlackElo "2072"]

1.e4 c5 2.Nf3 d6 3.d4 cxd4 4.Nxd4 Nf6 5.Nc3 a6 6.Bg5 Nbd7 7.Qd2 b5 8.a3 Bb7
9.Bd3 e6 10.h4 Be7 11.Be3 Rc8 12.f3 O-O 13.O-O-O d5 14.exd5 Nxd5 15.Nxd5 Bxd5
16.Kb1 Nc5 17.c3 Na4 18.Bc2 Nxb2 19.Kxb2 Bxa3+ 20.Kb1 Qa5 21.Qd3 g6 22.Nb3
Bxb3 23.Bxb3 Rxc3 24.Bb6 Qb4 {#R} 0-1

[Event "Tournament (open)"]
[Site "masterchessopen.com Villa Martelli (Argentina)"]
[Date "2008.08.04"]
[Round "7"]
[White "Fell Sebastian (ARG)"]
[Black "Goiriz Y Damian (PAR)"]
[Result "1-0"]
[WhiteElo "2103"]
[BlackElo "2072"]

1.e4 c5 2.Nf3 d6 3.d4 cxd4 4.Nxd4 Nf6 5.Nc3 a6 6.Bg5 Nbd7 7.f4 Qa5 8.Qf3 h6
9.Bxf6 Nxf6 10.Bc4 Bd7 11.Bb3 Rc8 12.h3 e5 13.Ne2 Be6 14.Bxe6 fxe6 15.f5 d5
16.fxe6 d4 17.O-O-O dxc3 18.Qf5 cxb2+ 19.Kb1 Bd6 20.Qg6+ Kd8 21.Qxg7 Rxc2
22.Rxd6+ {#r} 1-0

[Event "It (open) (b)"]
[Site "masterchessopen.com Polanica Zdroj (Poland)"]
[Date "2008.08.21"]
[Round "3"]
[White "Pac Maciej (POL)"]
[Black "Lipien Wieslaw (POL)"]
[Result "0-1"]
[WhiteElo "1833"]
[BlackElo "2100"]

1.e4 c5 2.Nf3 d6 3.d4 cxd4 4.Nxd4 Nf6 5.Nc3 a6 6.Bg5 Nbd7 7.Qd2 Qc7 8.O-O-O e6
9.f3 h6 10.Bh4 Be7 11.g4 Nxe4 12.Nxe4 Bxh4 13.f4 d5 14.Nf3 Be7 15.Nf2 Bd6
16.Nh3 Nf8 17.Qd4 Bc5 18.Qc3 Bb6 19.Qxc7 Bxc7 20.g5 hxg5 21.Nfxg5 Rh4 22.f5
exf5 23.Bg2 Be6 24.Rhe1 {#R} 0-1

[Event "Olympiad (juniors) (under 16) (team)"]
[Site "masterchessopen.com Mersin (Turkey)"]
[Date "2008.08.22"]
[Round "7"]
[White "Kanmazalp Ogulcan (TUR)"]
[Black "Buyukasik Diyap (TUR)"]
[Result "1-0"]
[WhiteElo "2306"]
[BlackElo "1957"]

1.e4 c5 2.Nf3 d6 3.d4 cxd4 4.Nxd4 Nf6 5.Nc3 a6 6.Bg5 Nbd7 7.f4 b5 8.Qe2 Bb7
9.e5 b4 10.exf6 gxf6 11.Ne4 Bxe4 12.Qxe4 fxg5 13.Be2 Bg7 14.Ne6 {#r} 1-0

[Event "Tournament (juniors) (under 13)"]
[Site "masterchessopen.com Pila (Poland)"]
[Date "2008.09.24"]
[Round "8"]
[White "Prominski Piotr (POL)"]
[Black "Majas Piotr (POL)"]
[Result "1-0"]
[WhiteElo "1820"]
[BlackElo "1821"]

1.e4 c5 2.Nf3 d6 3.d4 cxd4 4.Nxd4 Nf6 5.Nc3 a6 6.Bg5 Nbd7 7.Qd2 e6 8.O-O-O b5
9.Bd3 Bb7 10.f3 b4 11.Nce2 d5 12.Ng3 h6 13.Bxf6 Nxf6 14.e5 Nd7 15.f4 Bc5
16.Nf3 a5 17.Kb1 a4 18.Bb5 O-O 19.Bxd7 Qxd7 20.Nh5 b3 21.a3 bxc2+ 22.Qxc2 Rfc8
23.Qd2 Rab8 24.f5 exf5 25.Qxh6 Bf8 26.Qg5 Kh8 27.Qh4 Kg8 28.Ng5 Be7 29.Nf6+
Bxf6 30.Qh7+ Kf8 31.exf6 gxf6 32.Rhe1 {#r} 1-0

[Event "Tournament (open)"]
[Site "masterchessopen.com Petrolina (Brazil)"]
[Date "2008.10.12"]
[Round "6"]
[White "De Lima Carlos Alexandre"]
[Black "Silva Mateus Amorim"]
[Result "1-0"]
[WhiteElo "1983"]
[BlackElo "1790"]

1.e4 c5 2.Nf3 d6 3.d4 cxd4 4.Nxd4 Nf6 5.Nc3 a6 6.Bg5 Nbd7 7.f4 g6 8.Qf3 Bg7
9.O-O-O O-O 10.h4 Qc7 11.h5 b5 12.hxg6 fxg6 13.Ne6 Qa5 14.Nxg7 Kxg7 15.Bh6+
Kf7 16.Bxf8 Nb6 17.e5 Kxf8 18.exf6 exf6 19.Rxh7 Nd7 20.Qd5 {#r} 1-0

[Event "Tournament (juniors) (under 13)"]
[Site "masterchessopen.com Sekocin (Poland)"]
[Date "2008.10.17"]
[Round "7"]
[White "Nowicki Bartosz (POL)"]
[Black "Mahor Maksymilian (POL)"]
[Result "1-0"]
[WhiteElo "1754"]
[BlackElo "1661"]

1.e4 c5 2.Nf3 d6 3.d4 cxd4 4.Nxd4 Nf6 5.Nc3 a6 6.Bg5 Nbd7 7.f4 b5 8.Qf3 Bb7
9.O-O-O Qc7 10.g4 e6 11.Bxf6 Nxf6 12.g5 b4 13.Ncb5 axb5 14.Nxb5 Qd8 15.gxf6
Rxa2 16.Bc4 Ra1+ 17.Kd2 Rxd1+ 18.Rxd1 Qxf6 19.Kc1 e5 20.f5 g6 21.Qe3 Qd8
22.Qa7 Qd7 23.Qb8+ Qc8 24.Nxd6+ Bxd6 25.Qxd6 Rg8 26.Bb5+ {#r} 1-0

[Event "Memorial L.Anufriev"]
[Site "masterchessopen.com Irkutsk (Russia)"]
[Date "2008.11.24"]
[Round "4"]
[White "Usov Alexander (RUS)"]
[Black "Goryachkin Alexander (RUS)"]
[Result "0-1"]
[WhiteElo "1745"]
[BlackElo "1958"]

1.e4 c5 2.Nf3 d6 3.d4 cxd4 4.Nxd4 Nf6 5.Nc3 a6 6.Bg5 Nbd7 7.Bc4 Qc7 8.Bb3 b5
9.O-O e6 10.Qe2 Bb7 11.f3 Be7 12.Be3 O-O 13.Rad1 Nc5 14.Rd2 Rac8 15.Qf2 Rfd8
16.Rfd1 Qa5 17.Nde2 b4 18.Bxc5 dxc5 19.Rxd8+ Bxd8 20.Na4 c4 21.Qa7 Bc6 22.Bxc4
Bxa4 23.Bxa6 Bb6+ {#R} 0-1

[Event "Liga Mazowiecka 2009"]
[Site "masterchessopen.com Mazowsze (Poland)"]
[Date "2009.01.11"]
[Round "1"]
[White "Kaliszewski Tomasz (POL)"]
[Black "Wengierow Michal (POL)"]
[Result "0-1"]
[WhiteElo "2082"]
[BlackElo "2108"]

1.e4 c5 2.Nf3 d6 3.d4 cxd4 4.Nxd4 Nf6 5.Nc3 a6 6.Bg5 Nbd7 7.f4 g6 8.Qe2 Qc7
9.O-O-O Bg7 10.Nf3 Nb6 11.e5 dxe5 12.Nxe5 Be6 13.g4 Nfd5 14.Nxd5 Bxd5 15.Rxd5
Nxd5 16.Bg2 Nf6 17.Rd1 O-O 18.Qf3 Rad8 19.Nd3 Nd5 20.f5 Qc4 21.Ne5 Bxe5
22.Rxd5 Rxd5 23.Qxd5 Bf4+ 24.Bxf4 Qxf4+ 25.Kb1 Qxg4 26.fxg6 hxg6 27.a3 b5
28.Bf3 Qg1+ 29.Ka2 Qxh2 30.Be4 Qd6 31.Qb3 Rd8 {#R} 0-1

[Event "It (open)"]
[Site "masterchessopen.com Gora Sw. Anny (Poland)"]
[Date "2009.01.21"]
[Round "6"]
[White "Janzekovic Klemen (SLO)"]
[Black "Kowalczyk Pawel (POL)"]
[Result "0-1"]
[WhiteElo "1844"]
[BlackElo "2103"]

1.e4 c5 2.Nf3 d6 3.d4 cxd4 4.Nxd4 Nf6 5.Nc3 a6 6.Bg5 Nbd7 7.Qd2 b5 8.f3 Bb7
9.Bd3 e6 10.g4 Rc8 11.h4 Be7 12.O-O-O Ne5 13.Kb1 Nc4 14.Bxc4 Rxc4 15.h5 h6
16.Be3 Qc7 17.Rh2 d5 18.exd5 Nxd5 19.Nxd5 Bxd5 20.Rf2 Bh4 21.Rh2 Bf6 22.Rf2
O-O 23.f4 Rd8 24.Rff1 Bxd4 25.Bxd4 Be4 26.Qe3 Bxc2+ 27.Ka1 Bxd1 28.Rxd1 Rdxd4
{#R} 0-1

[Event "It (cat.3)"]
[Site "masterchessopen.com Mona (Jamaica)"]
[Date "2009.04.19"]
[Round "2"]
[White "Elliott Warren (JAM)"]
[Black "Hammar Bengt (SWE)"]
[Result "1-0"]
[WhiteElo "2264"]
[BlackElo "2264"]

1.e4 c5 2.Nf3 d6 3.d4 cxd4 4.Nxd4 Nf6 5.Nc3 a6 6.Bg5 Nbd7 7.Bc4 Qa5 8.Qd2 e6
9.O-O-O b5 10.Bb3 Bb7 11.Rhe1 Be7 12.f4 Nc5 13.Bxf6 Bxf6 14.Nf5 Nxb3+ 15.cxb3
exf5 16.Qxd6 Bxc3 17.Re3 fxe4 18.Qd7+ Kf8 19.Qxb7 Re8 20.Rxc3 g6 21.Rd7 {#r}
1-0

[Event "Ch Netherlands (juniors) (under 21)"]
[Site "masterchessopen.com Venlo (Netherlands)"]
[Date "2009.05.01"]
[Round "8"]
[White "Meurs Tom (NED)"]
[Black "Kuling Lody (NED)"]
[Result "0-1"]
[WhiteElo "2179"]
[BlackElo "2209"]

1.e4 c5 2.Nf3 d6 3.d4 cxd4 4.Nxd4 Nf6 5.Nc3 a6 6.Bg5 Nbd7 7.Bc4 Qa5 8.Qd2 h6
9.Bxf6 Nxf6 10.O-O-O e6 11.Rhe1 Be7 12.Kb1 Qc7 13.Bb3 b5 14.a4 bxa4 15.Nxa4
Bd7 16.f4 O-O 17.f5 e5 18.Nf3 Rab8 19.Nc3 Qb7 20.Qc1 Bc6 21.Nd5 Rfc8 22.Re3 a5
23.h4 a4 24.Nxf6+ Bxf6 25.Bd5 Bxd5 26.Rxd5 Rc4 27.c3 Rxe4 28.Rxe4 Qxd5 29.Rxa4
e4 30.Ne1 Bxc3 {#R} 0-1

[Event "It (open)"]
[Site "masterchessopen.com Las Vegas (USA)"]
[Date "2009.06.05"]
[Round "2"]
[White "Fernandez Daniel (USA)"]
[Black "Van Wely Loek (NED)"]
[Result "0-1"]
[WhiteElo "2424"]
[BlackElo "2655"]

1.e4 c5 2.Nf3 d6 3.d4 cxd4 4.Nxd4 Nf6 5.Nc3 a6 6.Bg5 Nbd7 7.f4 Qb6 8.Qd2 Qxb2
9.Rb1 Qa3 10.Be2 g6 11.Bxf6 Nxf6 12.e5 dxe5 13.fxe5 Bh6 14.Qd3 Ng4 15.e6 Ne3
16.exf7+ Kxf7 17.Rb3 Qc5 18.Rf1+ Kg7 19.Ne4 Qa5+ 20.c3 Rd8 {#R} 0-1

[Event "Ch Bulgaria (team) (2 div)"]
[Site "masterchessopen.com Sunny Beach (Bulgaria)"]
[Date "2009.06.09"]
[Round "2"]
[White "Lazarov Rosen (BUL)"]
[Black "Petkov Petko (BUL)"]
[Result "1-0"]
[WhiteElo "2206"]
[BlackElo "2040"]

1.e4 c5 2.Nf3 d6 3.d4 cxd4 4.Nxd4 Nf6 5.Nc3 a6 6.Bg5 Nbd7 7.Qd2 e6 8.f3 Qc7
9.O-O-O Be7 10.Kb1 O-O 11.g4 b5 12.Bd3 Bb7 13.h4 Ne5 14.h5 b4 15.Nce2 d5
16.Bxf6 Bxf6 17.g5 Be7 18.g6 Bf6 19.h6 hxg6 20.hxg7 Bxg7 21.Qg5 Rfd8 22.Qh4
dxe4 23.fxe4 Nxd3 24.Qh7+ Kf8 25.Nxe6+ {#r} 1-0

[Event "Ch Bulgaria (team) (2 div)"]
[Site "masterchessopen.com Sunny Beach (Bulgaria)"]
[Date "2009.06.13"]
[Round "6"]
[White "Atanasov Margarit (BUL)"]
[Black "Atanasov Petko (BUL)"]
[Result "0-1"]
[WhiteElo "1650"]
[BlackElo "2342"]

1.e4 c5 2.Nf3 d6 3.d4 cxd4 4.Nxd4 Nf6 5.Nc3 a6 6.Bg5 Nbd7 7.Qd2 e6 8.O-O-O Qc7
9.Bd3 Be7 10.f4 b5 11.Rhe1 b4 12.Nd5 exd5 13.exd5 Nb6 14.Bxf6 gxf6 15.Rxe7+
Kxe7 16.Nc6+ Kf8 17.f5 h6 18.Be2 Bb7 19.Bf3 a5 20.Qd4 Nd7 21.Qh4 Re8 22.Rd4
Rh7 23.Rg4 Qb6 24.Nd4 Re5 25.Rg3 h5 26.Bxh5 Rxh5 27.Qxh5 Qxd4 28.c3 Qg1+
29.Kc2 Qf2+ 30.Kb3 Nc5+ 31.Kc4 Ba6# 0-1

[Event "Ch Slovakia (juniors) (under 20)"]
[Site "masterchessopen.com Trencin (Slovakia)"]
[Date "2009.07.04"]
[Round "9"]
[White "Csiba Dominik (SVK)"]
[Black "Ondrus Martin (SVK)"]
[Result "0-1"]
[WhiteElo "2401"]
[BlackElo "2259"]

1.e4 c5 2.Nf3 d6 3.d4 cxd4 4.Nxd4 Nf6 5.Nc3 a6 6.Bg5 Nbd7 7.Bc4 e6 8.Bb3 b5
9.Qf3 Bb7 10.O-O-O Qa5 11.Rhe1 Be7 12.Qh3 b4 13.Nd5 Nxd5 14.exd5 Bxg5+ 15.Kb1
e5 16.Nf5 O-O 17.Qg4 Qd8 18.Rd3 g6 19.Nxd6 Rb8 20.h4 Bf4 21.Nxb7 Rxb7 22.g3
Nf6 23.Qh3 e4 24.Rd4 Be5 25.Rc4 Nxd5 26.Rcxe4 Bg7 {#R} 0-1

[Event "Memorial Karl Mala (open)"]
[Site "masterchessopen.com Frankfurt (Germany)"]
[Date "2009.07.19"]
[Round "6"]
[White "Schulz Gerhard"]
[Black "Hennrich Reinhard (GER)"]
[Result "1-0"]
[WhiteElo "1674"]
[BlackElo "1840"]

1.e4 c5 2.Nf3 d6 3.d4 cxd4 4.Nxd4 Nf6 5.Nc3 a6 6.Bg5 Nbd7 7.f4 Qc7 8.Qf3 g6
9.O-O-O Bg7 10.g4 O-O 11.Bg2 Rb8 12.h4 h6 13.Bxf6 Nxf6 14.f5 b5 15.g5 Nh5
16.Nd5 Qd7 17.Nc6 Bb7 18.Ncxe7+ Kh7 19.f6 Bh8 20.Bh3 Qd8 21.Qxh5 {#r} 1-0

[Event "Ch Centroamericano & Caribbean (under 20)"]
[Site "masterchessopen.com Medellin (Colombia)"]
[Date "2009.08.03"]
[Round "7"]
[White "Montenegro Pedro (CRC)"]
[Black "Ramsay Zachary (JAM)"]
[Result "1-0"]
[WhiteElo "2090"]
[BlackElo "1952"]

1.e4 c5 2.Nf3 d6 3.d4 cxd4 4.Nxd4 Nf6 5.Nc3 a6 6.Bg5 Nbd7 7.Bc4 Qc7 8.Bb3 e6
9.f4 Nc5 10.Bxf6 gxf6 11.f5 h5 12.Qf3 Be7 13.fxe6 fxe6 14.Qg3 Bf8 15.Rf1 Qg7
16.Qh3 Qe7 17.O-O-O Bd7 18.Bc4 O-O-O 19.b4 Nxe4 20.Nxe6 d5 21.Bxd5 Bh6+ 22.Kb2
Qxb4+ 23.Bb3 Ng5 24.Nd5 Qa5 25.Ne7+ Kb8 26.Nxd8 Ne4 27.Qd3 Nc5 28.Qc3 Qb6
29.Nd5 Na4+ 30.Ka1 Qxd8 31.Bxa4 {#r} 1-0

[Event "It (open)"]
[Site "masterchessopen.com Wasselonne (France)"]
[Date "2009.08.06"]
[Round "2"]
[White "Gress Alexander (GER)"]
[Black "Guliyev Namig (AZE)"]
[Result "0-1"]
[WhiteElo "2018"]
[BlackElo "2555"]

1.e4 c5 2.Nf3 d6 3.d4 cxd4 4.Nxd4 Nf6 5.Nc3 a6 6.Bg5 Nbd7 7.Qd2 b5 8.Bd3 Bb7
9.a3 e6 10.f4 Be7 11.O-O Qb6 12.Bxb5 axb5 13.Kh1 Nxe4 14.Nxe4 Bxe4 15.Rae1 Nf6
16.f5 e5 {#R} 0-1

[Event "It (open)"]
[Site "masterchessopen.com Polanica Zdroj (Poland)"]
[Date "2009.08.19"]
[Round "2"]
[White "Obrusnik Michal (POL)"]
[Black "Mucha Roman (POL)"]
[Result "1-0"]
[WhiteElo "2165"]
[BlackElo "2176"]

1.e4 c5 2.Nf3 d6 3.d4 cxd4 4.Nxd4 Nf6 5.Nc3 a6 6.Bg5 Nbd7 7.f4 b5 8.Bxf6 Nxf6
9.e5 dxe5 10.fxe5 b4 11.Ncb5 Ne4 12.Qf3 Bb7 13.e6 f5 14.Qxf5 Nf6 15.Qe5 Rc8
16.Na7 Ra8 17.Bb5+ axb5 18.Qxb5+ Nd7 19.Qxb7 {#r} 1-0

[Event "It (open) (b)"]
[Site "masterchessopen.com Rewal (Poland)"]
[Date "2009.08.23"]
[Round "4"]
[White "Puszkarek Kamil (POL)"]
[Black "Rosiak Agata (POL)"]
[Result "1-0"]
[WhiteElo "1593"]
[BlackElo "1807"]

1.e4 c5 2.Nf3 d6 3.d4 cxd4 4.Nxd4 Nf6 5.Nc3 a6 6.Bg5 Nbd7 7.f4 Qb6 8.Nb3 h6
9.Bxf6 Nxf6 10.Qd2 Qc6 11.Bd3 b5 12.a3 Be6 13.Nd4 Qc8 14.Nxe6 Qxe6 15.O-O-O g6
16.e5 dxe5 17.Nxb5 Qb6 18.fxe5 Ng4 19.Bf5 Bg7 20.Bxg4 axb5 21.Qd7+ Kf8 22.Rhe1
Bxe5 23.Qd5 f6 24.Qxa8+ {#r} 1-0

[Event "It (open)"]
[Site "masterchessopen.com Sabadell (Spain)"]
[Date "2009.09.01"]
[Round "1"]
[White "Iglesias Fernandez Luis (ESP)"]
[Black "Martinez Lelys (CUB)"]
[Result "0-1"]
[WhiteElo "1883"]
[BlackElo "2507"]

1.e4 c5 2.Nf3 d6 3.d4 cxd4 4.Nxd4 Nf6 5.Nc3 a6 6.Bg5 Nbd7 7.f4 Qb6 8.Qd2 Nc5
9.e5 Nce4 10.Na4 Qc7 11.exd6 Qxd6 12.Qd3 Bg4 13.Nc3 Nxg5 14.fxg5 Qe5+ 15.Be2
Bxe2 16.Ncxe2 Qxg5 17.Qf3 Qd5 18.O-O Qxf3 19.Rxf3 e6 20.Rb3 O-O-O 21.Nf3 Bc5+
22.Kf1 Kb8 23.Ne5 Rd5 24.Nd3 Rc8 25.Nxc5 Rcxc5 26.Rg3 Rxc2 {#R} 0-1

[Event "Ch Central Serbia"]
[Site "masterchessopen.com Vrnjacka Banja (Serbia)"]
[Date "2009.11.14"]
[Round "8"]
[White "Cerovic Danilo (SRB)"]
[Black "Kojovic Dragan (SRB)"]
[Result "1-0"]
[WhiteElo "2201"]
[BlackElo "2373"]

1.e4 c5 2.Nf3 d6 3.d4 cxd4 4.Nxd4 Nf6 5.Nc3 a6 6.Bg5 Nbd7 7.f4 Qb6 8.Qd2 Qxb2
9.Rb1 Qa3 10.Be2 b5 11.Bxf6 gxf6 12.Nd5 Qc5 13.Rb3 e5 14.Nf5 Qc6 15.Qa5 {#r}
1-0

[Event "Ch World (juniors) (under 12)"]
[Site "masterchessopen.com Kemer (Turkey)"]
[Date "2009.11.15"]
[Round "4"]
[White "Sari Yasin"]
[Black "Lamard Guillaume (FRA)"]
[Result "0-1"]
[WhiteElo "1794"]
[BlackElo "2101"]

1.e4 c5 2.Nf3 d6 3.d4 cxd4 4.Nxd4 Nf6 5.Nc3 a6 6.Bg5 Nbd7 7.Bc4 g6 8.f3 Bg7
9.Qd2 O-O 10.O-O-O Ne5 11.Bb3 b5 12.g4 Bb7 13.h4 b4 14.Nce2 a5 15.Ba4 d5
16.Bxf6 Bxf6 17.Ng3 dxe4 18.g5 Bg7 19.fxe4 Qb6 20.Qe2 Rfd8 21.Nf3 Ba6 22.Qg2
Qe3+ 23.Nd2 Nc4 24.Nf1 Bxb2+ {#R} 0-1

[Event "Ch Belgium (team) 2009/10"]
[Site "masterchessopen.com Belgium"]
[Date "2009.11.22"]
[Round "4"]
[White "Denivet Axel (BEL)"]
[Black "Verlinde Tieme (BEL)"]
[Result "0-1"]
[WhiteElo "1942"]
[BlackElo "2184"]

1.e4 c5 2.Nf3 d6 3.d4 cxd4 4.Nxd4 Nf6 5.Nc3 a6 6.Bg5 Nbd7 7.Bc4 Qa5 8.Bd2 Qc5
9.Qe2 Qxd4 10.O-O-O Ne5 11.Bb3 Bd7 12.Rhe1 Rc8 13.h3 b5 14.Be3 Qb4 15.a3 Qa5
16.Nd5 Nxd5 17.Rxd5 Be6 18.Bd4 Qxe1+ 19.Qxe1 Nd3+ {#R} 0-1

[Event "It (open)"]
[Site "masterchessopen.com Marseilles (France)"]
[Date "2009.12.27"]
[Round "4"]
[White "Axisa Gerard (FRA)"]
[Black "Feller Sebastien (FRA)"]
[Result "0-1"]
[WhiteElo "1933"]
[BlackElo "2576"]

1.e4 c5 2.Nf3 d6 3.d4 cxd4 4.Nxd4 Nf6 5.Nc3 a6 6.Bg5 Nbd7 7.Qd2 b5 8.a3 h6
9.Be3 e6 10.Be2 Bb7 11.f3 Be7 12.O-O O-O 13.Rad1 Ne5 14.Qe1 Kh8 15.Bd3 Nfd7
16.Be2 Rc8 17.f4 Nc4 18.Bc1 Bh4 19.g3 Bf6 20.Bf3 Qb6 21.Qf2 Nxa3 22.bxa3 Rxc3
23.Bb2 Rxf3 24.Nxf3 Bxb2 25.Qxb6 Nxb6 {#R} 0-1

[Event "It \"]
[Site "masterchessopen.com Uljanovsk (Russia)"]
[Date "2010.01.09"]
[Round "8"]
[White "Parshakov Vladimir (RUS)"]
[Black "Mikeev Valery (RUS)"]
[Result "1-0"]
[WhiteElo "2006"]
[BlackElo "1893"]

1.e4 c5 2.Nf3 d6 3.d4 cxd4 4.Nxd4 Nf6 5.Nc3 a6 6.Bg5 Nbd7 7.Be2 g6 8.Qd2 Bg7
9.O-O-O O-O 10.Bh6 Qc7 11.f3 b5 12.g4 Nb6 13.Bxg7 Kxg7 14.g5 Nfd7 15.h4 Bb7
16.h5 b4 17.hxg6 bxc3 18.Nf5+ {#r} 1-0

[Event "It (open) (b)"]
[Site "masterchessopen.com Prague (Czech Republic)"]
[Date "2010.01.10"]
[Round "3"]
[White "Zdrazil Bohumir (CZE)"]
[Black "Snorek Milan (CZE)"]
[Result "0-1"]
[WhiteElo "1915"]
[BlackElo "2143"]

1.e4 c5 2.Nf3 d6 3.d4 cxd4 4.Nxd4 Nf6 5.Nc3 a6 6.Bg5 Nbd7 7.Bc4 b5 8.Bd5 Nxd5
9.Nxd5 Bb7 10.O-O g6 11.a4 h6 12.Be3 e6 13.Nb4 bxa4 14.Rxa4 Nc5 15.Ra1 Nxe4
16.Ndc6 Qc7 17.Qd4 e5 18.Qxe4 a5 19.Qd3 axb4 20.Rxa8+ Bxa8 21.Nxb4 Qb7 {#R}
0-1

[Event "It (cat.9)"]
[Site "masterchessopen.com Wijk aan Zee (Netherlands)"]
[Date "2010.01.18"]
[Round "3"]
[White "Vocaturo Daniele (ITA)"]
[Black "Van Kampen Robin (NED)"]
[Result "1-0"]
[WhiteElo "2581"]
[BlackElo "2430"]

1.e4 c5 2.Nf3 d6 3.d4 cxd4 4.Nxd4 Nf6 5.Nc3 a6 6.Bg5 Nbd7 7.Bc4 e6 8.Qe2 b5
9.Bb3 Nc5 10.O-O-O b4 { N } ( 10...h6 11.Bxf6 Qxf6 12.Kb1 Nxb3 13.axb3 Bd7
14.f4 Qxf4 15.Rhf1 Qe5 16.Qf3 f6 17.Nce2 g5 18.Qh5+ Ke7 19.Nc3 Be8 20.Qf3 Kf7
21.Qh5+ Kg7 22.Qh3 Bf7 23.Nc6 Qc5 24.Qf3 f5 25.exf5 Qxf5 26.Qe3 Qg6 27.Rf2 Be8
28.Nd4 Bd7 29.Rdf1 Be7 30.Nd5 Bd8 31.Nxe6+ Bxe6 32.Qd4+ Kh7 33.Nf6+ Kg7
34.Nd7+ Kh7 35.Nf8+ Rxf8 36.Rxf8 Bg8 37.Rxg8 Qxg8 38.Qe4+ Kg7 39.Qxa8 Qe8
40.Qb7+ Be7 41.Re1 Kf8 42.Qxa6 Qd7 43.Qa8+ Kg7 44.Qd5 Bf6 45.Qe6 Qc7 46.Rf1
Be5 47.g3 Qb7 48.h4 Bxg3 49.hxg5 hxg5 50.Qf6+ Kh7 51.Qxg5 Be5 52.Rg1 Qg7
53.Qf5+ { {#r} 1-0



Haucke,A-Bouroutzakis,G/Kiel 2001/EXT 2003 (53) } ) ( 10...Qc7 11.f4 ( 11.Bxf6
gxf6 12.Rhe1 b4 13.Nd5 Bh6+ 14.Ne3 Bb7 15.Kb1 Nxe4 16.Qh5 Bxe3 17.Nxe6 Qd7
18.Rxe3 Ke7 19.Nc5 dxc5 20.Rxd7+ Kxd7 21.Qxf7+ Kc8 22.Bd5 Nd6 23.Qe6+ Kc7
24.Qe7+ Kc8 25.Qxd6 Rd8 26.Be6+ { *



Zawadzka,J-Fedorchuk,S/Warsaw 2005/CBM 110 ext (26) } ) 11...Bb7 12.f5 b4
13.Na4 Nxb3+ 14.axb3 e5 15.Bxf6 gxf6 16.Nf3 Rc8 17.Kb1 Rg8 18.c4 Bc6 19.Rhe1
Qa5 20.Rd5 Bxd5 21.exd5 Kd7 22.Nd2 Be7 23.Ne4 Rg7 24.g4 Bd8 25.h3 Bb6 26.Nxf6+
Kc7 27.c5 Bxc5 28.Nxc5 dxc5 29.Qxe5+ Kb7 30.d6 Qb5 31.d7 Rd8 32.Qe7 Qd3+
33.Ka2 c4 34.Qxd8 Qxb3+ 35.Ka1 c3 36.Qc8+ Ka7 37.Qc7+ { *



Guid,M-Justin,M/Bled 2005/CBM 109 ext (37) } ) 11.Na4 Nxb3+ 12.axb3 Bd7 (
12...Bb7 13.e5 Qa5 14.Bxf6 gxf6 15.exd6 { ? } ) 13.e5 dxe5 14.Qxe5 Rc8 (
14...Be7 15.Nc5 ( { ? } 15.Nc6 { ?! } 15...Ng4 ) 15...Bxc5 16.Qxc5 Ne4 17.Bxd8
Nxc5 18.Ba5 Rb8 19.Rhe1 f6 20.f4 { ? } ) 15.Rhe1 Be7 { ? } ( 15...Qc7 16.Bxf6
( 16.Qxc7 Rxc7 { ? } ) 16...gxf6 17.Qxf6 Rg8 18.g3 Be7 19.Qe5 Qxe5 20.Rxe5 { ?
} ) 16.Nf5 { !+?? } 16...exf5 17.Nb6 ( 17.Rxd7 Qxd7 18.Nb6 Qe6 { ! } 19.Nxc8
Bc5 { = } ) 17...Rc7 ( 17...Be6 18.Rxd8+ Rxd8 19.Rd1 { +?? } ) 18.Nd5 Nxd5
19.Qxg7 Rf8 20.Rxd5 f6 ( 20...Rxc2+ 21.Kxc2 Qc7+ 22.Kb1 Be6 23.Bxe7 { +?? } )
21.Bxf6 Rf7 22.Qg8+ Rf8 23.Qg5 *

[Event "Ch Ukraine (juniors) (under 18)"]
[Site "masterchessopen.com Kiev (Ukraine)"]
[Date "2010.01.30"]
[Round "7"]
[White "Ponomarenko Alexandr (UKR)"]
[Black "Danilenko Dmitriy (UKR)"]
[Result "0-1"]
[WhiteElo "2336"]
[BlackElo "2307"]

1.e4 c5 2.Nf3 d6 3.d4 Nf6 4.Nc3 cxd4 5.Nxd4 a6 6.Bg5 Nbd7 7.f4 h6 8.Bh4 Qb6
9.Qd2 e5 10.Nb3 exf4 11.Bf2 Qc7 12.O-O-O Ne5 13.Qxf4 Be7 14.Kb1 b5 15.Nd4 b4
16.Nd5 Nxd5 17.exd5 O-O 18.Nf5 Bg5 19.Qe4 g6 20.Ne3 f5 21.Qxb4 Rb8 22.Qa3 f4
23.Nc4 Nxc4 24.Qc3 Rxb2+ 25.Ka1 Bf5 26.Qxc4 Qxc4 27.Bxc4 Rxc2 {#R} 0-1